[Event "SWVG Arnold Classic Prestige All 2019"]
[Site "Sandton"]
[Date "2019.05.19"]
[Round "8.6"]
[White "Simutowe, Musatwe"]
[Black "Van Der Walt, Pierre E."]
[Result "1-0"]
[WhiteElo "2170"]
[BlackElo "1993"]
[Annotator "TA"]
[PlyCount "75"]
[EventDate "2019.05.18"]
[EventType "swiss"]
[EventCountry "RSA"]
[SourceTitle "playchess.com"]
[Source "ChessBase"]
[SourceQuality "1"]

{[%evp 13,75,21,35,41,75,60,129,108,106,110,108,120,123,106,121,106,146,95,108,110,206,203,243,146,257,256,230,201,200,208,651,644,650,639,708,702,675,702,691,679,774,770,761,756,725,703,1095,781,812,812,941,916,1294,1280,1545,1494,2458,2394,2226,2160,29990,29991,29991,29992]} 1. d4 Nf6 2. c4 g6 3. Nc3 d5 4. Nf3 Bg7 5. Qb3 dxc4 6. Qxc4 O-O 7. e4 c6 8. h3 {D97: Grünfeld: Russian System: 7 e4, replies other than 7...Bg4} (8. Qb3 e5 9. dxe5 Ng4 10. h3 Nxe5 11. Nxe5 Bxe5 12. Be3 Qe7 13. g3 Rd8 14. Qc2 Na6 15. Bxa6 bxa6 16. Kf1 f5 17. Kg2 Bxc3 18. Qxc3 Qxe4+ 19. f3 Qd3 20. Qxd3 Rxd3 21. Kf2 Be6 22. Rhd1 Rxd1 {½-½ (22) Hillarp Persson,T (2544)-Andersen,M (2597) Denmark 2019}) 8... Be6 9. Qd3 h6 ({Better is} 9... Ne8 $14) 10. Be2 {White is better.} Nbd7 $146 ({Predecessor:} 10... b5 11. O-O Bc4 12. Qd1 Bxe2 13. Qxe2 {1-0 (60) Drnovsek,N (1760)-Skok,J (2072) Nova Gorica 2007}) 11. O-O Nb6 12. b3 Qc7 13. Be3 Rad8 14. Qc2 Nh5 15. Qc1 ({White should try} 15. e5) 15... Kh7 $16 16. Rd1 Bc8 (16... f5 $16) 17. a4 {[%cal Ba2a4,Ba4a5][%mdl 32]} Nd7 18. Ra2 e6 (18... e5 $16 {keeps fighting.} 19. Nd5 Qb8) 19. g4 Nhf6 20. Bf4 Qb6 21. Bd6 Rfe8 $2 (21... a5 22. Bxf8 Rxf8) 22. a5 $18 Qxb3 {Black wants to play ...Nxe4!} 23. Ra3 Qxc3 24. Rxc3 Nxe4 25. Bc7 Nxc3 26. Qxc3 Nf6 {intending ...Nd5.} 27. Bxd8 Rxd8 {[#]} 28. a6 $1 Nd5 (28... bxa6 29. Qa5) 29. Qc1 g5 30. Bf1 bxa6 31. Qxc6 Bd7 32. Qxa6 f5 33. Qxa7 fxg4 34. hxg4 Nf4 35. Rc1 Nd5 36. Bc4 Kh8 37. Bxd5 exd5 {[#]} 38. Rc7 $1 {Accuracy: White = 72%, Black = 19%.} 1-0

[Event "SWVG Arnold Classic Prestige All 2019"]
[Site "Sandton"]
[Date "2019.05.19"]
[Round "8.7"]
[White "Mthunzi, Brighton"]
[Black "Masiya, Mfundo"]
[Result "1/2-1/2"]
[WhiteElo "2006"]
[BlackElo "1977"]
[Annotator "NA RC"]
[PlyCount "87"]
[EventDate "2019.05.18"]
[EventType "swiss"]
[EventCountry "RSA"]
[SourceTitle "playchess.com"]
[Source "ChessBase"]
[SourceQuality "1"]
[TimeControl "1500+10"]

1. d4 {[%emt 0:00:00]} Nf6 {[%emt 0:00:00]} 2. Nf3 {[%emt 0:00:00]} g6 {[%emt 0:00:00]} 3. Bg5 {[%emt 0:00:34]} Bg7 {[%emt 0:00:00]} 4. Nbd2 {[%emt 0:00:42]} d5 {[%emt 0:00:00]} 5. e3 {[%emt 0:01:29]} O-O {[%emt 0:00:01]} 6. Bd3 {[%emt 0:00:28]} c5 {[%emt 0:00:10]} 7. c3 {[%emt 0:00:01]} Nc6 {[%emt 0:00:27]} 8. O-O {[%emt 0:00:39]} b6 {[%emt 0:01:16]} 9. Re1 {[%emt 0:01:30] D03: 1 d4 d5 2 Nf3 Nf6 3 Bg5, including Torre Attack with early ...d5} Bb7 {[%emt 0:01:33]} (9... h6 10. Bxf6 Bxf6 11. e4 e6 12. e5 Be7 13. a3 a5 14. Qe2 Kg7 15. Nf1 a4 16. Ne3 Bd7 {½-½ (36) Bareev,E (2650)-Gledura,B (2615) Wijk aan Zee 2019}) 10. h3 {[%emt 0:00:50]} Re8 {[%emt 0:02:50]} 11. Bb5 $146 {[%emt 0:00:27]} ({Predecessor:} 11. a4 Rc8 12. Qb1 Nd7 {½-½ (12) Luebeck,S (2005)-Schulz,W (2049) Buesum 2016}) 11... a6 {[%emt 0:00:22]} 12. Bxc6 {[%emt 0:00:04]} Bxc6 {[%emt 0:00:01]} 13. Ne5 {[%emt 0:02:07]} Bb7 {[%emt 0:00:02]} 14. Qf3 {[%emt 0:02:48]} Rf8 {[%emt 0:00:44]} 15. Bf4 {[%emt 0:02:16]} Nd7 {[%emt 0:00:19]} 16. Qg4 {[%emt 0:01:13]} Nxe5 {[%emt 0:01:59]} 17. dxe5 {[%emt 0:00:03]} Qc8 {[%emt 0:02:23]} 18. Qh4 {[%emt 0:00:09]} Re8 {[%emt 0:02:37]} 19. Nf3 {[%emt 0:00:13]} f6 {[%emt 0:02:01]} 20. Bh6 {[%emt 0:01:11]} Qf5 {[%emt 0:00:15]} 21. Bxg7 {[%emt 0:00:19]} Kxg7 {[%emt 0:00:09]} 22. Qg3 {[%emt 0:00:13]} Rac8 {[%emt 0:01:39]} 23. Rad1 {[%emt 0:00:16]} Red8 {[%emt 0:00:35]} 24. Rd2 {[%emt 0:00:52]} Rd7 {[%emt 0:01:00]} 25. Red1 {[%emt 0:01:30]} Rcd8 {[%emt 0:00:02]} 26. Kh2 {[%emt 0:02:36]} b5 {[%emt 0:00:40]} 27. b4 {[%emt 0:00:13]} d4 {[%emt 0:01:11]} 28. exd4 {[%emt 0:00:42]} Bxf3 {[%emt 0:00:05]} 29. exf6+ {[%emt 0:00:05]} exf6 {[%emt 0:01:44]} 30. Qxf3 {[%emt 0:00:01]} Qxf3 {[%emt 0:00:11]} 31. gxf3 {[%emt 0:00:01]} cxb4 {[%emt 0:00:10]} 32. cxb4 {[%emt 0:00:02]} Rd5 {[%emt 0:00:04]} 33. Kg3 {[%emt 0:00:10]} f5 {[%emt 0:00:22]} 34. f4 {[%emt 0:00:49]} Rc8 {[%emt 0:00:28]} 35. Rd3 {[%emt 0:00:46]} Kf6 {[%emt 0:00:38]} 36. a3 {[%emt 0:00:11]} h6 {[%emt 0:00:03]} 37. Re1 {[%emt 0:00:11]} Rc4 {[%emt 0:00:30]} 38. Rde3 {[%emt 0:00:09]} Rc6 {[%emt 0:00:25]} 39. Rd3 {[%emt 0:00:15]} Rcd6 {[%emt 0:00:04]} 40. Red1 {[%emt 0:00:18]} Rc6 {[%emt 0:00:01]} 41. Kf3 {[%emt 0:00:13]} g5 {[%emt 0:00:17]} 42. Re1 {[%emt 0:00:42]} Rcd6 {[%emt 0:00:15]} 43. Rc1 $11 {[%emt 0:01:00]} gxf4 {[%emt 0:01:30]} 44. Rcd1 {[%emt 0:00:02] Ke5 [%clk 0:00:00] Ke4+} 1/2-1/2

[Event "SWVG Arnold Classic Prestige All 2019"]
[Site "Sandton"]
[Date "2019.05.19"]
[Round "8.8"]
[White "Bhawoodien, Shabir Hussain"]
[Black "Khumalo, Keith"]
[Result "0-1"]
[WhiteElo "2020"]
[BlackElo "2086"]
[Annotator "NA RC"]
[PlyCount "86"]
[EventDate "2019.05.18"]
[EventType "swiss"]
[EventCountry "RSA"]
[SourceTitle "playchess.com"]
[Source "ChessBase"]
[SourceQuality "1"]
[TimeControl "1500+10"]

1. e4 {[%emt 0:00:00]} e6 {[%emt 0:00:47]} 2. Nf3 {[%emt 0:00:00]} d5 {[%emt 0:00:05]} 3. Nc3 {[%emt 0:00:00]} Nf6 {[%emt 0:00:02]} 4. e5 {[%emt 0:00:00]} Nfd7 {[%emt 0:00:01]} 5. d4 {[%emt 0:00:00]} c5 {[%emt 0:00:01]} 6. dxc5 {[%emt 0:00:01]} Nc6 {[%emt 0:00:01]} 7. Bf4 {[%emt 0:00:01]} Nxc5 {[%emt 0:00:01]} 8. a3 {[%emt 0:00:49]} a6 {[%emt 0:00:31] C11: French: Classical System: 4 e5 and 4 Bg5 dxe4} 9. b4 {[%emt 0:00:40]} Nd7 {[%emt 0:00:01]} 10. Bd3 {[%emt 0:00:01]} Be7 {[%emt 0:00:01]} (10... f6 11. exf6 Qxf6 12. Qd2 Nxb4 13. O-O Nxd3 14. cxd3 Bc5 15. d4 Ba7 16. Bd6 {1-0 (34) Gao,R (2543)-Yu,S (2479) Beijing 2017}) 11. O-O {[%emt 0:00:02]} O-O {[%emt 0:25:19]} 12. Re1 $146 {[%emt 0:00:10]} ({Predecessor:} 12. Nd2 Ndxe5 13. Bxh7+ Kxh7 14. Qh5+ Kg8 15. Bxe5 Nxe5 16. Qxe5 {0-1 (35) Gevorgyan,N-Voronaya,E Riga 2018}) 12... f6 {[%emt 0:00:00]} 13. Qd2 {[%emt 0:06:58]} (13. exf6 $17 {might work better.} Bxf6 14. Bd2) 13... fxe5 {[%emt 0:00:00]} 14. Nxe5 {[%emt 0:00:51]} Ndxe5 {[%emt 0:00:00]} 15. Bxe5 {[%emt 0:00:08]} Nxe5 {[%emt 0:00:00]} 16. Rxe5 {[%emt 0:00:02]} Bf6 {[%emt 0:00:00]} 17. Rh5 {[%emt 0:07:25]} g6 {[%emt 0:00:00]} 18. Rh3 {[%emt 0:00:30]} e5 {[%emt 0:00:00]} 19. Rg3 {[%emt 0:01:54]} e4 {[%emt 0:00:00]} 20. Bf1 {[%emt 0:02:10]} Bh4 {[%emt 0:00:00]} 21. Nxd5 {[%emt 0:00:19]} Bxg3 {[%emt 0:00:00]} 22. hxg3 {[%emt 0:00:07]} Be6 {[%emt 0:00:00]} 23. c4 {[%emt 0:00:50]} Bxd5 {[%emt 0:00:00]} 24. cxd5 {[%emt 0:00:02]} Qb6 {[%emt 0:00:00]} 25. d6 {[%emt 0:00:32]} Rf6 {[%emt 0:00:00]} 26. Bc4+ {[%emt 0:00:50]} Kg7 {[%emt 0:00:00]} 27. d7 {[%emt 0:01:04]} (27. Rd1 $11) 27... Raf8 {[%emt 0:00:00]} 28. Rf1 $2 {[%emt 0:01:23]} (28. Rd1 $11 {and White stays safe.} Rxf2 29. Qc3+ Kh6 30. Kh2 (30. d8=Q {leads to mate.} Rf1+ 31. Kh2 Qg1+ 32. Kh3 Qh1+ 33. Kg4 Qh5#)) 28... Qd6 {[%emt 0:00:00]} 29. Qe2 {[%emt 0:00:14]} Qxd7 {[%emt 0:00:00]} 30. Qxe4 {[%emt 0:00:01]} Re8 {[%emt 0:00:00]} 31. Qh4 $2 {[%emt 0:00:52]} (31. Qc2 $17) 31... Qd2 {[%emt 0:00:00]} 32. g4 $2 {[%emt 0:00:32]} (32. b5) 32... h6 {[%emt 0:00:00]} 33. Qg3 {[%emt 0:00:05]} Rf4 {[%emt 0:00:00]} 34. Bb3 {[%emt 0:00:08]} Ree4 {[%emt 0:00:00]} 35. Rd1 {[%emt 0:00:06]} Re1+ {[%emt 0:00:00]} 36. Kh2 {[%emt 0:01:27]} (36. Rxe1 $142 Qxe1+ 37. Kh2 Qxf2 38. Qc3+ Qd4 39. Qc7+ Kf6 40. Qxb7) 36... Rxd1 {[%emt 0:00:00]} 37. Bxd1 {[%emt 0:00:01]} g5 {[%emt 0:00:00]} 38. Qb3 {[%emt 0:00:07]} Rxf2 {[%emt 0:00:00]} 39. Bf3 {[%emt 0:00:07]} Rf1 {[%emt 0:00:00]} 40. Qe6 {[%emt 0:00:24]} Qf4+ $19 {[%emt 0:00:00]} 41. g3 {[%emt 0:00:05]} Qxf3 {[%emt 0:00:00]} 42. Qd7+ {[%emt 0:00:22]} Qf7 {[%emt 0:00:00]} 43. Qd4+ {[%emt 0:00:03]} Rf6 {[%emt 0:00:00]} 0-1

[Event "SWVG Arnold Classic Prestige All 2019"]
[Site "Sandton"]
[Date "2019.05.19"]
[Round "8.9"]
[White "Molepo, Maropeng Quintallio"]
[Black "Sithole, Collins"]
[Result "0-1"]
[WhiteElo "1723"]
[BlackElo "1861"]
[Annotator "NA RC"]
[PlyCount "122"]
[EventDate "2019.05.18"]
[EventType "swiss"]
[EventCountry "RSA"]
[SourceTitle "playchess.com"]
[Source "ChessBase"]
[SourceQuality "1"]
[TimeControl "1500+10"]

1. e4 {[%emt 0:00:00]} c5 {[%emt 0:00:00]} 2. Nf3 {[%emt 0:00:00]} e6 {[%emt 0:00:00]} 3. d4 {[%emt 0:00:00]} cxd4 {[%emt 0:00:00]} 4. Nxd4 {[%emt 0:00:00]} Nf6 {[%emt 0:00:02]} 5. Nc3 {[%emt 0:00:12]} d6 {[%emt 0:00:02]} 6. h3 {[%emt 0:00:59]} a6 {[%emt 0:00:38]} 7. g4 {[%emt 0:00:02]} Be7 {[%emt 0:00:14]} 8. Bg2 {[%emt 0:00:02]} Nc6 {[%emt 0:00:07]} 9. Be3 {[%emt 0:00:07]} Qa5 {[%emt 0:01:03] B81: Sicilian Scheveningen: Keres Attack} 10. Nb3 {[%emt 0:03:11]} (10. f4 $16) 10... Qc7 {[%emt 0:00:20]} 11. Qe2 {[%emt 0:00:10]} Ne5 $146 {[%emt 0:00:23]} ({Predecessor:} 11... b5 12. a3 Bb7 13. O-O Ne5 14. Nd2 Rc8 {0-1 (35) Warakomska,A (2274)-Swiercz,D (2634) Warsaw 2015}) 12. O-O-O {[%emt 0:01:20]} Nc4 {[%emt 0:00:16]} 13. Bg5 {[%emt 0:00:05]} Bd7 {[%emt 0:00:32]} 14. f4 {[%emt 0:01:42]} (14. Nd2 $11 {keeps the balance.} Bb5 15. a4 (15. Nxb5 axb5 16. a3 O-O $11) 15... Nxd2 16. Nxb5 (16. axb5 Nc4 $15) (16. Qxd2 Bc6 $11) 16... axb5 17. Qxb5+ (17. Bxd2 bxa4 18. Bb4 O-O $17) 17... Qd7 18. Qxd7+ Nxd7 19. Bxd2) 14... Rc8 {[%emt 0:00:02]} 15. Qd3 {[%emt 0:00:36]} h6 {[%emt 0:00:14]} 16. Bh4 {[%emt 0:04:30]} b5 {[%emt 0:00:56]} 17. Bf2 $2 {[%emt 0:03:37]} (17. Nd2 $15) 17... b4 {[%emt 0:00:53]} 18. Ne2 {[%emt 0:00:05]} a5 {[%emt 0:00:16]} 19. Nd2 {[%emt 0:00:54] [#]} Bb5 $1 {[%emt 0:00:59]} 20. Qb3 {[%emt 0:02:11]} (20. Nxc4 $142 Bxc4 21. Qe3) 20... d5 {[%emt 0:01:40]} 21. a4 {[%emt 0:00:33]} Ba6 {[%emt 0:03:30]} 22. exd5 {[%emt 0:00:36]} exd5 {[%emt 0:00:26]} 23. g5 {[%emt 0:01:00]} hxg5 {[%emt 0:00:50]} 24. fxg5 {[%emt 0:00:03]} Nxd2 {[%emt 0:00:33]} 25. Rxd2 {[%emt 0:00:41]} Ne4 {[%emt 0:00:32]} 26. Bxe4 {[%emt 0:01:28]} dxe4 {[%emt 0:00:06]} 27. Qe3 $2 {[%emt 0:00:06]} (27. Rg1 $1 $15) 27... O-O {[%emt 0:00:18]} 28. Bg3 {[%emt 0:00:39]} Qc6 {[%emt 0:00:04]} 29. Nd4 {[%emt 0:00:04]} Qc5 {[%emt 0:00:06]} 30. h4 {[%emt 0:00:20]} Rfe8 {[%emt 0:00:55]} 31. Kb1 {[%emt 0:00:20]} Bc4 {[%emt 0:00:15]} 32. Re1 {[%emt 0:00:11]} Rcd8 {[%emt 0:01:02]} 33. b3 {[%emt 0:00:21]} Bd5 {[%emt 0:02:12]} 34. Nf5 {[%emt 0:00:19]} Ba8 {[%emt 0:00:24]} 35. Nxe7+ {[%emt 0:00:24]} Qxe7 $16 {[%emt 0:00:01]} 36. Red1 {[%emt 0:00:24]} Rxd2 {[%emt 0:00:15]} 37. Rxd2 {[%emt 0:00:02]} Rc8 {[%emt 0:00:01]} 38. Rh2 {[%emt 0:00:37]} Qc5 {[%emt 0:01:09]} 39. Qxc5 {[%emt 0:00:27]} Rxc5 {[%emt 0:00:02]} 40. Re2 {[%emt 0:00:09]} Rc3 {[%emt 0:00:07]} 41. Bf2 {[%emt 0:00:03]} f5 {[%emt 0:00:26]} 42. gxf6 {[%emt 0:00:25]} gxf6 {[%emt 0:00:03]} 43. Re3 {[%emt 0:00:02]} Rc7 {[%emt 0:01:23]} 44. Rg3+ {[%emt 0:00:54]} Kh7 {[%emt 0:00:12]} 45. Bb6 {[%emt 0:00:02]} Rf7 {[%emt 0:00:32]} 46. Kc1 {[%emt 0:00:33]} f5 {[%emt 0:00:02]} 47. Kd2 {[%emt 0:00:02]} f4 {[%emt 0:00:02]} 48. Rg5 {[%emt 0:00:05]} Rd7+ {[%emt 0:01:43]} 49. Ke1 {[%emt 0:00:07]} e3 {[%emt 0:01:16]} 50. Rxa5 {[%emt 0:00:10]} Bf3 {[%emt 0:00:04]} 51. Ra7 {[%emt 0:00:18]} Rxa7 {[%emt 0:01:20]} 52. Bxa7 {[%emt 0:00:01]} Kg6 {[%emt 0:00:00]} 53. Bb8 {[%emt 0:00:36]} Kf5 {[%emt 0:00:02]} 54. Bd6 {[%emt 0:00:01]} Be4 {[%emt 0:00:17]} 55. Bxb4 {[%emt 0:00:03]} Bxc2 {[%emt 0:00:06]} 56. a5 {[%emt 0:00:08]} Bxb3 {[%emt 0:00:19]} 57. h5 {[%emt 0:00:04]} Bc4 {[%emt 0:00:00]} 58. h6 {[%emt 0:00:02]} f3 {[%emt 0:00:07]} 59. Kd1 {[%emt 0:00:31]} Kg6 {[%emt 0:00:40]} 60. Bc5 {[%emt 0:00:11]} f2 {[%emt 0:00:04]} 61. Bxe3 {[%emt 0:00:08]} f1=Q+ {[%emt 0:00:02]} 0-1

[Event "SWVG Arnold Classic Prestige All 2019"]
[Site "Sandton"]
[Date "2019.05.19"]
[Round "8.10"]
[White "Mpya, Tshediso M"]
[Black "Swartz, David"]
[Result "1-0"]
[WhiteElo "1936"]
[BlackElo "1756"]
[Annotator "NA RC"]
[PlyCount "122"]
[EventDate "2019.05.18"]
[EventType "swiss"]
[EventCountry "RSA"]
[SourceTitle "playchess.com"]
[Source "ChessBase"]
[SourceQuality "1"]
[TimeControl "1500+10"]

1. d4 {[%emt 0:00:00]} d5 {[%emt 0:00:00]} 2. Bf4 {[%emt 0:00:00]} Bf5 {[%emt 0:00:00]} 3. e3 {[%emt 0:00:00]} Nf6 {[%emt 0:00:06]} 4. Nf3 {[%emt 0:00:02]} e6 {[%emt 0:00:01]} 5. h3 {[%emt 0:00:04]} h6 {[%emt 0:00:05]} (5... Bd6 6. Bxd6 Qxd6 7. c3 O-O 8. Bd3 Bg6 9. Bxg6 hxg6 10. Nbd2 Nbd7 11. O-O c5 12. Qe2 Rac8 13. Rac1 Nb6 {½-½ (29) Domingo Nunez,A (2339)-Domingo Nunez,R (2308) Port de Pollenca 2018}) 6. Bd3 {[%emt 0:00:04] D02: 1 d4 d5 2 Nf3 sidelines, including 2...Nf6 3 g3 and 2...Nf6 3 Bf4} Bxd3 {[%emt 0:00:03]} 7. Qxd3 {[%emt 0:00:02]} Bd6 {[%emt 0:00:02]} 8. Ne5 {[%emt 0:00:36]} Bxe5 $146 {[%emt 0:00:33]} ({Predecessor:} 8... c6 9. Nd2 Bxe5 10. Bxe5 Nbd7 11. Bd6 Nb6 12. Ba3 Qc7 13. c4 dxc4 14. Nxc4 Nxc4 15. Qxc4 {½-½ (56) Wuensch,U (2047)-Riedl,M (2022) Bayerisch Eisenstein 2016}) 9. Bxe5 {[%emt 0:00:20]} O-O {[%emt 0:00:33]} 10. O-O {[%emt 0:00:08]} Nbd7 {[%emt 0:00:01]} 11. Bh2 {[%emt 0:00:02]} c5 {[%emt 0:00:05]} 12. c3 {[%emt 0:00:01]} Re8 {[%emt 0:02:08]} 13. Nd2 {[%emt 0:00:15]} Qe7 {[%emt 0:00:55]} 14. Nf3 {[%emt 0:00:21]} Ne4 {[%emt 0:00:21]} 15. Ne5 {[%emt 0:00:14]} Nxe5 {[%emt 0:00:33]} 16. Bxe5 {[%emt 0:00:09]} c4 {[%emt 0:00:10]} 17. Qc2 {[%emt 0:00:05]} Rac8 {[%emt 0:01:25]} 18. f3 {[%emt 0:00:10]} Nf6 {[%emt 0:02:36]} 19. e4 {[%emt 0:00:09]} Nd7 {[%emt 0:00:01]} 20. Bh2 {[%emt 0:00:05]} Qg5 {[%emt 0:00:42]} 21. f4 {[%emt 0:00:46]} Qe7 {[%emt 0:00:32]} 22. Rae1 {[%emt 0:00:24]} Qf6 {[%emt 0:00:21]} 23. e5 {[%emt 0:00:09]} Qg6 {[%emt 0:00:46]} 24. Qa4 {[%emt 0:00:44]} Rc6 {[%emt 0:01:16]} (24... Nb8 $11) 25. Qxa7 {[%emt 0:01:08]} Rb8 {[%emt 0:00:01]} 26. Qa4 {[%emt 0:00:07]} Nf8 {[%emt 0:01:50]} ({Black should try} 26... Nb6 $14 27. Qa7) 27. f5 {[%emt 0:00:38]} Qh5 {[%emt 0:01:23]} 28. Qc2 {[%emt 0:00:37]} b5 {[%emt 0:00:27]} 29. a3 {[%emt 0:00:08]} Rb7 {[%emt 0:00:21]} 30. Re3 {[%emt 0:00:06]} Nh7 {[%emt 0:00:51]} 31. g4 {[%emt 0:00:14]} Qg5 {[%emt 0:00:01]} 32. Ref3 {[%emt 0:00:12]} Qh4 {[%emt 0:00:14]} 33. Bf4 {[%emt 0:01:45]} h5 {[%emt 0:01:37]} 34. Qg2 {[%emt 0:00:45]} Ng5 {[%emt 0:00:22]} 35. Bxg5 {[%emt 0:00:15]} Qxg5 {[%emt 0:00:01]} 36. f6 {[%emt 0:00:15]} g6 {[%emt 0:02:15]} 37. gxh5 {[%emt 0:00:05]} Qxh5 {[%emt 0:00:04]} 38. Rg3 {[%emt 0:01:17]} Rc8 $2 {[%emt 0:00:41]} (38... b4 39. cxb4 (39. axb4 Ra6 $18) 39... Qh4) 39. Rg5 {[%emt 0:00:05]} Qh6 {[%emt 0:00:16]} 40. Rf4 {[%emt 0:00:07]} b4 {[%emt 0:00:11]} 41. axb4 {[%emt 0:00:07]} Ra8 {[%emt 0:00:24]} 42. Rfg4 {[%emt 0:00:20]} Kh7 {[%emt 0:00:15]} (42... Kf8 $142 43. Qg3 Ke8) 43. Qf2 {[%emt 0:00:15]} Ra1+ {[%emt 0:00:23]} 44. Kh2 {[%emt 0:00:02]} Kg8 {[%emt 0:00:01]} 45. Qg3 {[%emt 0:00:11]} Ra2 {[%emt 0:02:28]} 46. Rxg6+ {[%emt 0:00:39]} fxg6 {[%emt 0:00:02]} 47. Rxg6+ {[%emt 0:00:02]} Qxg6 {[%emt 0:00:00]} 48. Qxg6+ {[%emt 0:00:01]} Kf8 {[%emt 0:00:01]} 49. Qh6+ {[%emt 0:00:21]} (49. Qh5 $142 Rba7 50. Qh8+ Kf7 51. Qg7+ Ke8 52. Qg8+ {[%mdl 64] Double Attack} Kd7 53. Qf7+ Kd8 54. Qxe6) 49... Kg8 {[%emt 0:00:05]} 50. Qg5+ {[%emt 0:00:23]} Kf8 {[%emt 0:00:04]} 51. Qg2 {[%emt 0:00:32]} Rh7 {[%emt 0:00:51]} 52. Qc2 $18 {[%emt 0:04:48]} Rb7 {[%emt 0:02:37]} 53. h4 {[%emt 0:00:15]} Raa7 {[%emt 0:00:25]} 54. Qd1 {[%emt 0:00:37]} Ra2 {[%emt 0:00:24]} 55. Qc1 {[%emt 0:00:07]} Rh7 {[%emt 0:00:03]} 56. Kh3 {[%emt 0:00:05]} Raa7 {[%emt 0:00:02]} 57. Kg4 {[%emt 0:00:31]} Kf7 {[%emt 0:00:01]} 58. Qb1 {[%emt 0:00:13]} Rh8 {[%emt 0:00:10]} 59. h5 {[%emt 0:00:05]} Kf8 {[%emt 0:00:10]} 60. b5 {[%emt 0:00:36]} Rg8+ {[%emt 0:00:02]} 61. Kh4 {[%emt 0:00:00]} Kf7 1-0

[Event "SWVG Arnold Classic Prestige All 2019"]
[Site "Sandton"]
[Date "2019.05.19"]
[Round "8.11"]
[White "Steyn, Hans"]
[Black "Klevansky, Aron"]
[Result "1/2-1/2"]
[WhiteElo "1863"]
[BlackElo "1878"]
[Annotator "NA RC"]
[PlyCount "51"]
[EventDate "2019.05.18"]
[EventType "swiss"]
[EventCountry "RSA"]
[SourceTitle "playchess.com"]
[Source "ChessBase"]
[SourceQuality "1"]
[TimeControl "1500+10"]

{[%evp 8,31,4,32767,32767,32767,32767,32767,31,19,33,9,21,58,99,38,102,77,101,100,194,195,32767,105,247,180]} 1. c4 {[%emt 0:00:03]} e5 {[%emt 0:00:00]} 2. g3 {[%emt 0:00:12]} Nf6 {[%emt 0:00:05]} 3. Bg2 {[%emt 0:00:14]} c6 {[%emt 0:00:04]} 4. Nf3 {[%emt 0:00:33]} e4 {[%emt 0:00:55]} 5. Nd4 {[%emt 0:00:20]} d5 {[%emt 0:00:09]} 6. cxd5 {[%emt 0:00:40]} cxd5 {[%emt 0:00:07]} 7. Nc3 {[%emt 0:01:38]} Bc5 {[%emt 0:02:18]} 8. Nb3 {[%emt 0:00:16]} Bb6 {[%emt 0:00:50]} 9. O-O {[%emt 0:00:36]} O-O {[%emt 0:00:21]} 10. d3 {[%emt 0:00:02]} Bf5 {[%emt 0:01:43]} 11. dxe4 {[%emt 0:00:18]} (11. Bg5 $16) 11... dxe4 {[%emt 0:00:14]} (11... Bxe4 $11 12. Bxe4 (12. Nxe4 Nxe4 13. Nd2 Nf6 $14) 12... dxe4) 12. Bg5 {[%emt 0:00:35]} Qxd1 {[%emt 0:04:56]} 13. Rfxd1 {[%emt 0:00:53]} Re8 {[%emt 0:00:45] [#]} (13... Nbd7 $16) 14. Bxf6 $1 {[%emt 0:02:38]} gxf6 {[%emt 0:00:01]} 15. Nd5 {[%emt 0:00:07]} (15. Nd2 $18) 15... Bd8 {[%emt 0:00:14]} (15... Kg7 $16) 16. Nd4 $18 {[%emt 0:00:48]} Bd7 {[%emt 0:01:56]} 17. e3 {[%emt 0:00:47]} Nc6 {[%emt 0:00:34]} 18. Rac1 {[%emt 0:00:06]} Kg7 {[%emt 0:01:28]} 19. Nb5 {[%emt 0:00:18]} Bg4 {[%emt 0:01:55]} 20. Rd2 {[%emt 0:00:33]} Ba5 {[%emt 0:01:47]} 21. Rdc2 {[%emt 0:00:43]} Rad8 {[%emt 0:01:11]} 22. Nbc3 {[%emt 0:01:35]} Bxc3 {[%emt 0:01:04]} 23. Nxc3 {[%emt 0:00:27]} Nb4 {[%emt 0:00:02]} 24. Bxe4 {[%emt 0:00:22]} Nxc2 {[%emt 0:00:20]} 25. Bxc2 {[%emt 0:00:02]} Bf3 {[%emt 0:00:18]} 26. Nb5 {[%emt 0:00:25]} 1/2-1/2

[Event "SWVG Arnold Classic Prestige All 2019"]
[Site "Sandton"]
[Date "2019.05.19"]
[Round "9.1"]
[White "Grover, Sahaj"]
[Black "Erlank, Warrick"]
[Result "1-0"]
[WhiteElo "2515"]
[BlackElo "1967"]
[Annotator "TA"]
[PlyCount "85"]
[EventDate "2019.05.18"]
[EventType "swiss"]
[EventCountry "RSA"]
[SourceTitle "playchess.com"]
[Source "ChessBase"]
[SourceQuality "1"]

{[%evp 17,85,15,28,1,44,34,37,54,72,66,57,0,0,0,0,0,0,0,0,0,13,16,27,29,53,36,32,14,64,48,108,116,222,0,13,0,0,0,0,0,0,0,87,1,65,65,112,12,152,160,153,159,157,152,150,145,141,141,150,138,237,233,8011,8011,29993,29994,29997,29998,29998,29999]} 1. d4 d5 2. c4 c6 3. Nc3 Nf6 4. Nf3 e6 5. cxd5 exd5 6. Bg5 Nbd7 {[%cal Bb8d7,Bd7f8,Bf8e6][%mdl 32]} 7. e3 Be7 8. Bd3 Nf8 9. Qc2 Ne6 10. h4 {D36: Queen's Gambit Declined: Exchange Variation: Main line (5 Bg5 c6 6 Qc2)} (10. Bh4 g6 11. O-O O-O 12. Rab1 a5 13. a3 Ng7 14. b4 axb4 15. axb4 Bf5 16. b5 Bxd3 17. Qxd3 Nf5 18. Bxf6 Bxf6 19. bxc6 {½-½ (19) Zubov,A (2605)-Fedoseev,V (2715) Sharjah 2019}) 10... g6 (10... h6 $5 {[%cal Rh6g5]} 11. Bxf6 Bxf6 $11) 11. Bxf6 Bxf6 12. h5 {White is slightly better.} Qe7 13. O-O-O $1 Bd7 $146 ({Predecessor:} 13... Bg7 14. hxg6 hxg6 15. Ne5 Bxe5 16. dxe5 Rxh1 17. Rxh1 {0-1 (52) Maksimovic,B (2450)-Rajkovic,D (2450) Vrnjacka Banja 1987}) 14. hxg6 (14. Kb1 $14) 14... hxg6 $11 15. Rxh8+ Bxh8 16. Rh1 Bg7 17. Ne5 Bxe5 18. dxe5 Nf8 19. f4 $36 {[%mdl 2048] White fights for an advantage.} Be6 20. Qa4 b5 21. Qc2 Qc5 22. Kb1 Qxe3 {[#]} 23. Nxb5 $1 {[%mdl 512]} Qb6 (23... Kd8 $1 $14 24. Nd6 (24. Qxc6 Qxd3+ 25. Ka1 Rc8 $14) 24... Rb8) (23... cxb5 24. Qc6+) 24. Nd6+ $16 Ke7 (24... Kd8 $16) 25. Rc1 $2 (25. f5 $18 gxf5 26. Bxf5) 25... Rb8 $11 26. b3 Qe3 27. f5 gxf5 28. Nxf5+ Bxf5 29. Bxf5 Qxe5 (29... Ng6 $11 {remains equal.}) 30. g4 (30. Qf2 $16 {Strongly threatening Re1.} Kf6 31. Be6+ (31. Rxc6+ Kg7 $16) 31... Kg5 32. Bxf7 Qe4+ 33. Rc2) 30... Rb6 ({Black should play} 30... Ne6 $11) 31. Qc5+ $14 {[%mdl 1024] White has compensation.} Qd6 $1 {[%cal Rd6c5] [#] next ...Qxc5 is good for Black.} 32. Qa5 (32. Re1+ $1 $16 Ne6 33. Qf2) 32... Qc7 (32... Rb7 $1 $11) 33. Qa3+ $16 Ke8 34. Re1+ Ne6 35. Bxe6 fxe6 36. Rxe6+ {[%mdl 4096] Endgame KQR-KQR} Kf7 {[#]} 37. Re1 $1 {And now Qc5 would win.} c5 38. Qb2 {Hoping for Qh8.} Qg3 (38... Qd6 $16) 39. Qe2 $18 {Intending Qe8+ and mate.} Qd6 $2 (39... Rb7 40. Rh1 Rb4) 40. Qe8+ Kf6 41. Rf1+ {White mates.} Kg7 42. Rf7+ {[%mdl 64] Double Attack} Kh6 43. Qh8+ {Accuracy: White = 61%, Black = 31%.} 1-0